<?xml version="1.0" encoding="UTF-8"?>
<record
    xmlns:xsi="http://www.w3.org/2001/XMLSchema-instance"
    xsi:schemaLocation="http://www.loc.gov/MARC21/slim http://www.loc.gov/standards/marcxml/schema/MARC21slim.xsd"
    xmlns="http://www.loc.gov/MARC21/slim">

  <leader>00475    a2200169   4500</leader>
  <datafield tag="999" ind1=" " ind2=" ">
    <subfield code="c">315</subfield>
    <subfield code="d">315</subfield>
  </datafield>
  <controlfield tag="008">221028b           ||||| |||| 00| 0 eng d</controlfield>
  <datafield tag="020" ind1=" " ind2=" ">
    <subfield code="a">9789382291756</subfield>
  </datafield>
  <datafield tag="082" ind1="0" ind2="0">
    <subfield code="a">623.82</subfield>
    <subfield code="b">E98</subfield>
  </datafield>
  <datafield tag="100" ind1=" " ind2=" ">
    <subfield code="a">Eyres, D. J.</subfield>
    <subfield code="9">1480</subfield>
  </datafield>
  <datafield tag="245" ind1=" " ind2=" ">
    <subfield code="a">Ship construction /</subfield>
  </datafield>
  <datafield tag="250" ind1=" " ind2=" ">
    <subfield code="a">7th ed.</subfield>
  </datafield>
  <datafield tag="260" ind1=" " ind2=" ">
    <subfield code="a">New Delhi:                </subfield>
    <subfield code="b">Butterworth-Heinemann, </subfield>
    <subfield code="c">2016.</subfield>
  </datafield>
  <datafield tag="300" ind1=" " ind2=" ">
    <subfield code="a">ix, 388 p.</subfield>
  </datafield>
  <datafield tag="650" ind1=" " ind2="0">
    <subfield code="a">Shipbuilding</subfield>
  </datafield>
  <datafield tag="700" ind1=" " ind2=" ">
    <subfield code="9">5353</subfield>
    <subfield code="a">Bruce, G. J.</subfield>
  </datafield>
  <datafield tag="942" ind1=" " ind2=" ">
    <subfield code="2">ddc</subfield>
    <subfield code="c">BK</subfield>
  </datafield>
  <datafield tag="952" ind1=" " ind2=" ">
    <subfield code="0">0</subfield>
    <subfield code="1">0</subfield>
    <subfield code="2">ddc</subfield>
    <subfield code="4">0</subfield>
    <subfield code="6">623_820000000000000_E98</subfield>
    <subfield code="7">0</subfield>
    <subfield code="9">1231</subfield>
    <subfield code="a">CL</subfield>
    <subfield code="b">CL</subfield>
    <subfield code="d">2017-03-23</subfield>
    <subfield code="e">Sterling Book House</subfield>
    <subfield code="g">487.50</subfield>
    <subfield code="o">623.82 E98</subfield>
    <subfield code="p">12247</subfield>
    <subfield code="r">2019-09-26</subfield>
    <subfield code="v">650.00</subfield>
    <subfield code="y">BK</subfield>
  </datafield>
  <datafield tag="952" ind1=" " ind2=" ">
    <subfield code="0">0</subfield>
    <subfield code="1">0</subfield>
    <subfield code="2">ddc</subfield>
    <subfield code="4">0</subfield>
    <subfield code="6">623_820000000000000_E98</subfield>
    <subfield code="7">0</subfield>
    <subfield code="9">1232</subfield>
    <subfield code="a">CL</subfield>
    <subfield code="b">CL</subfield>
    <subfield code="d">2017-03-23</subfield>
    <subfield code="e">Sterling Book House</subfield>
    <subfield code="g">487.50</subfield>
    <subfield code="o">623.82 E98</subfield>
    <subfield code="p">12248</subfield>
    <subfield code="r">2019-09-26</subfield>
    <subfield code="v">650.00</subfield>
    <subfield code="y">BK</subfield>
  </datafield>
  <datafield tag="952" ind1=" " ind2=" ">
    <subfield code="0">0</subfield>
    <subfield code="1">0</subfield>
    <subfield code="2">ddc</subfield>
    <subfield code="4">0</subfield>
    <subfield code="6">623_820000000000000_E98</subfield>
    <subfield code="7">0</subfield>
    <subfield code="9">1233</subfield>
    <subfield code="a">CL</subfield>
    <subfield code="b">CL</subfield>
    <subfield code="d">2017-03-23</subfield>
    <subfield code="e">Sterling Book House</subfield>
    <subfield code="g">487.50</subfield>
    <subfield code="l">1</subfield>
    <subfield code="m">1</subfield>
    <subfield code="o">623.82 E98</subfield>
    <subfield code="p">12249</subfield>
    <subfield code="r">2026-04-30</subfield>
    <subfield code="s">2026-03-10</subfield>
    <subfield code="v">650.00</subfield>
    <subfield code="y">BK</subfield>
  </datafield>
  <datafield tag="952" ind1=" " ind2=" ">
    <subfield code="0">0</subfield>
    <subfield code="1">0</subfield>
    <subfield code="2">ddc</subfield>
    <subfield code="4">0</subfield>
    <subfield code="6">623_820000000000000_E98</subfield>
    <subfield code="7">0</subfield>
    <subfield code="9">1234</subfield>
    <subfield code="a">CL</subfield>
    <subfield code="b">CL</subfield>
    <subfield code="d">2017-03-23</subfield>
    <subfield code="e">Sterling Book House</subfield>
    <subfield code="g">487.50</subfield>
    <subfield code="l">1</subfield>
    <subfield code="m">1</subfield>
    <subfield code="o">623.82 E98</subfield>
    <subfield code="p">12250</subfield>
    <subfield code="r">2023-10-03</subfield>
    <subfield code="s">2023-09-01</subfield>
    <subfield code="v">650.00</subfield>
    <subfield code="y">BK</subfield>
  </datafield>
  <datafield tag="952" ind1=" " ind2=" ">
    <subfield code="0">0</subfield>
    <subfield code="1">0</subfield>
    <subfield code="2">ddc</subfield>
    <subfield code="4">0</subfield>
    <subfield code="6">623_820000000000000_E98</subfield>
    <subfield code="7">0</subfield>
    <subfield code="9">1235</subfield>
    <subfield code="a">CL</subfield>
    <subfield code="b">CL</subfield>
    <subfield code="d">2017-03-23</subfield>
    <subfield code="e">Sterling Book House</subfield>
    <subfield code="g">487.50</subfield>
    <subfield code="l">4</subfield>
    <subfield code="o">623.82 E98</subfield>
    <subfield code="p">12251</subfield>
    <subfield code="r">2026-04-01</subfield>
    <subfield code="s">2026-03-20</subfield>
    <subfield code="v">650.00</subfield>
    <subfield code="y">BK</subfield>
  </datafield>
</record>
